000 00329nam a2200121Ia 4500
003 GCL
008 140319s9999 xx 000 0 eng d
040 _aGCL /
_cGCL
082 0 4 _a629.8
_bT A
245 1 0 _aAPPLIED CONTNCAL: CURRENT TRENDS AND MODERN METHOLOICAN
260 _a[S.N] :
_bABT AKVERT SKIRA S.A ،
_c1993
300 _a1051
999 _c16535
_d16535